000 00451nam a2200181Ia 4500
001 9360
005 20260306161713.0
008 260306t2009||||xx |||||||||||||| ||spa||
041 _aESP
082 _a378.125
_bO74
100 _aOrtíz Ocaña, Alexander Luis
_eAUT
245 0 _aPedagogía & aprendizaje:
_bprofesional de educación superior
260 _c2009
300 _a
_c
650 _aGEN
654 _aCED
942 _cLIB
_dJUS
_fJUS
_2ddc
_n
999 _c9360
_d9360